Sporcle Speed-Picking V Quiz Stats

 Plays Quiz Updated Mar 24, 2016

Score 0/50 Timer 02:00
15 Plays Today
% Correct
Lakers
89.9%
Spider-Man
89.8%
Jamaica
89.6%
Bahamas
89.5%
Flush
88.9%
Two Pair
88.6%
Captain America
88.4%
Celtics
88.3%
Dominica
86.9%
Pistons
86.3%
Spurs
86.1%
Ronald Reagan
85.6%
Straight
85.4%
High Card
85.3%
Full House
85.3%
Wolverine
84.9%
Adolf Hitler
84.6%
Antigua and Barbuda
84.1%
Margaret Thatcher
83.5%
Fidel Castro
83.4%
Grizzlies
83.1%
Cuba
82.9%
Mao Zedong
80.7%
Daredevil
80.4%
Cindy
79.4%
% Correct
Bobby
78%
Thor
77.6%
Carol
77.5%
Frodo Baggins
77.2%
Jan
77%
Marcia
75.4%
Gandalf
74.9%
Spanish
74.2%
Italian
73.7%
French
73.7%
Portuguese
71.9%
Romanian
68.4%
Samwise Gamgee
66.9%
Aragorn
65.7%
Legolas
65%
Judah
56.1%
Zebulun
52.3%
Footloose
46.7%
Gad
46.6%
Reuben
46.6%
Hello
46.3%
Jump
45.7%
Umbrella
42.7%
Benjamin
42.5%
Centerfold
39%

You're not logged in!

Compare scores with friends on all Sporcle quizzes.
OR
Log In

Show Comments

Extras

Top Quizzes Today


Score Distribution

Your Account Isn't Verified!

In order to create a playlist on Sporcle, you need to verify the email address you used during registration. Go to your Sporcle Settings to finish the process.

Report this User

Report this user for behavior that violates our Community Guidelines.

Details: